Aktivita v bratislavskej Stavoindustrii

Bibliographic Details
Main Author: (mťš) (Author)
Format: Article
Language:Slovak
Subjects:

MARC

LEADER 00000nab a2200000 a 4500
001 vtls000159815
003 SK-MaSNL
005 20260303072915.0
008 111104c1983 xo 0 slo
015 |a SNBRB19rr/mm-uuuuu 
035 |a CL0169925 
040 |a SNKBUCL  |b slo  |c SNKBUCL  |e AACR2 
041 0 |a slo 
044 |a xo  |c SK 
080 |a 331.876.6:69  |2 1981 
080 |a 69  |2 1981 
100 1 |a (mťš)  |4 aut  |9 965900 
245 1 0 |a Aktivita v bratislavskej Stavoindustrii  |c (mťš) 
650 0 7 |a Stavoindustria, n.p., Bratislava  |2 snkbucl  |9 1073867 
650 0 7 |a vynálezcovstvo  |2 snkbucl  |9 276625 
650 0 7 |a zlepšovateľstvo  |2 snkbucl  |9 271831 
651 7 |a 5100  |2 snkbucl  |9 166206 
655 7 |a články z novín a časopisov  |2 snkbucl  |9 267496 
773 0 |t Technické noviny  |g Roč. 31, č. 42 (1983), s. 4 
850 |a Slovenská národná knižnica v Martine  |a MTA001 
852 |a SNK  |b KIS3GCP 
958 |a RK 
992 |a RBX 
999 |c 1765233  |d 1767163